A brief introduction to Islamic philosophy/ (Record no. 6085)

000 -LEADER
fixed length control field 00406nam a22001571a 4500
020 ## - INTERNATIONAL STANDARD BOOK NUMBER
ISBN 9780745619613
082 ## - DEWEY DECIMAL CLASSIFICATION NUMBER
Classification number 181.07
Item number OLI/B
100 ## - MAIN ENTRY--AUTHOR NAME
Personal name Oliver Leaman
245 ## - TITLE STATEMENT
Title A brief introduction to Islamic philosophy/
Statement of responsibility, etc by Oliver Leaman
260 ## - PUBLICATION, DISTRIBUTION, ETC. (IMPRINT)
Place of publication Cambridge:
Name of publisher Polity press,
Year of publication 2001.
300 ## - PHYSICAL DESCRIPTION
Number of Pages 199p.
650 ## - SUBJECT ADDED ENTRY--TOPICAL TERM
Topical Term Islamic Philosophy
650 ## - SUBJECT ADDED ENTRY--TOPICAL TERM
Topical Term Philosophy Islam
650 ## - SUBJECT ADDED ENTRY--TOPICAL TERM
Topical Term Philosophy
942 ## - ADDED ENTRY ELEMENTS (KOHA)
Koha item type Book
Holdings
Withdrawn status Lost status Damaged status Not for loan Permanent Location Current Location Shelving location Date acquired Cost, normal purchase price Full call number Accession Number Cost, replacement price Price effective from Koha item type
        Sree Sankaracharya University of Sanskrit Sree Sankaracharya University of Sanskrit Stacks 08.01.2015 1052.30 181.07 OLI/B 028338 0.00 08.01.2015 Book